|
|
|
|
| LEADER |
00000cam a2200000 7i4500 |
| 001 |
0000001980 |
| 005 |
20020722.0 |
| 020 |
0 |
0 |
|a 9793198028
|
| 090 |
0 |
0 |
|a R634.956209598
|b ROS 2002
|
| 100 |
1 |
0 |
|a ROSHETKO
|h James M
|
| 245 |
1 |
0 |
|a Direktori penyedia benih pohon di Indonesia
|c Jame M. Roshetko dan Mulawarman
|
| 260 |
0 |
0 |
|a Bogor, Indonesia, Morrilton, Arkansas :
|b International Centre for Research in Agroforestry; Winrock International ,
|c 2002
|
| 300 |
|
|
|a v, 75 p. ;
|c 25 cm.
|
| 650 |
0 |
0 |
|a Seedlings
|z Indonesia
|x Directories
|
| 700 |
0 |
1 |
|a Mulawarman
|
| 710 |
1 |
1 |
|a International Centre for Research in Agroforestry (ICRAF)
|
| 710 |
1 |
1 |
|a Winrock International
|
| 998 |
|
|
|a JPSM
|
| 999 |
|
|
|a 0000003300
|b Monograph
|c Reference
|e Default branch
|